Năng lượng mới số 67
Nội dung số này trình bày: PETROVIETNAM điểm sáng trong bức tranh kinh tế; PVTRANS tiếp nhận tàu chở khí hóa lỏng loại VLGC; góc nhìn công bằng với doanh nghiệp nội; 6 tháng đầu năm 2021 PVEP hoàn thành vượt mức nhiều chỉ tiêu tài chính;......
Zapisane w:
| Format: | Książka |
|---|---|
| Język: | Vietnamese |
| Wydane: |
H.
Hội dầu khí Việt Nam
2021
|
| Hasła przedmiotowe: | |
| Etykiety: |
Dodaj etykietę
Nie ma etykietki, Dołącz pierwszą etykiete!
|
| Thư viện lưu trữ: | Thư viện Trường Đại học Nam Cần Thơ |
|---|
| LEADER | 01129nam a22002177a 4500 | ||
|---|---|---|---|
| 001 | NCT_113420 | ||
| 008 | 220304b xxu||||| |||| 00| 0 vie d | ||
| 999 | |c 5775 |d 5775 | ||
| 041 | 0 | |a vie | |
| 082 | 0 | 4 | |2 23rd ed. |a 333.79 |b N116L |
| 245 | 0 | 0 | |a Năng lượng mới |n số 67 |c Hội dầu khí Việt Nam |
| 260 | |a H. |b Hội dầu khí Việt Nam |c 2021 | ||
| 300 | |c 28cm | ||
| 310 | |a Phát hành thứ ba hàng tuần | ||
| 362 | |a 13/07/2021 | ||
| 520 | 3 | |a Nội dung số này trình bày: PETROVIETNAM điểm sáng trong bức tranh kinh tế; PVTRANS tiếp nhận tàu chở khí hóa lỏng loại VLGC; góc nhìn công bằng với doanh nghiệp nội; 6 tháng đầu năm 2021 PVEP hoàn thành vượt mức nhiều chỉ tiêu tài chính;... | |
| 653 | |a Công nghệ kỹ thuật ô tô | ||
| 655 | |a Tạp chí | ||
| 942 | |2 ddc |c CR | ||
| 952 | |0 0 |1 0 |2 ddc |4 0 |6 333_790000000000000_N116L |7 0 |9 23284 |a 000001 |b 000001 |d 2022-04-25 |o 333.79 N116L |r 2022-04-25 |w 2022-04-25 |y CR | ||
| 980 | |a Thư viện Trường Đại học Nam Cần Thơ | ||